Electromagnetic phenomena related to earthquakes and volcanoes

Bibliographic Details
Other Authors: Singh, Birbal
Format: Book
Language:English
Published: New Delhi : Narosa pub. , 2008
Subjects:

MARC

LEADER 00000cam a2200000 7i4500
001 0000023491
005 20111005.0
008 110930s inua eng
020 |a 9788173198588 
040 |a INS 
090 0 0 |a QE538.8   |b E64 2008 
245 0 0 |a Electromagnetic phenomena related to earthquakes and volcanoes   |c editor Birbal Singh 
260 |a New Delhi :   |b Narosa pub. ,   |c 2008 
300 |a xi, 250p. :   |b ill. ;   |c 25cm. 
500 |a Includes index 
650 0 |a Earthquake prediction   |v Congresses 
650 0 |a Electromagnetism   |v Congresses 
650 0 |a Volcanoes   |v Congresses 
700 1 |a Singh, Birbal 
999 |a 1000000120   |b BOOK   |c Open Shelf   |e Default branch